000 00965nam a2200265 a 4500
001 000057064
005 20200120223427.0
008 990220s2006 ck a gr 000 j spa d
020 _a9580496944
090 _aA
_bKASn 2006
100 0 _aKasza, Keiko
245 1 0 _aNo te rías, Pepe /
_cKeiko Kasza; traducción de Cristina Aparicio.
260 _aSantafé de Bogotá :
_bNorma,
_c2006.
300 _a31 p. :
_bil. col.,.
490 0 _aBuenas noches
500 _aTítulo original : Don´t laugh, Joe
500 _aEj.1 de la Biblioteca Marichuela Edición especial con ISBN : 9789584538956.
500 _aEj.1 de la Biblioteca Carlos E. Restrepo pertenece a la colección donada por Bibliored.
500 _aEj.1 de la Biblioteca Carlos E. Restrepo con ISBN: 9789584538956.
650 1 4 _aAlbúm infantil
650 2 4 _aLiteratura infantil
650 2 4 _aLiteratura japonesa
650 1 4 _aAnimales en la literatura
700 1 _aAparicio, Cristina,
_etr.
999 _c6361
_d6361